| 000 | 00491nam a2200157Ia 4500 | ||
|---|---|---|---|
| 003 | OSt | ||
| 005 | 20201013154913.0 | ||
| 008 | 190216s9999||||xx |||||||||||||| ||und|| | ||
| 040 | _coclc | ||
| 082 |
_a338.4791 _bBAT/T |
||
| 100 |
_aBatra, G S _95664 |
||
| 245 | 0 |
_aTourism Management A Global Perspective / _cG S Batra ; A S Chawla |
|
| 260 |
_bDeep And Deep Publications, _c1995. _aNew Delhi: |
||
| 300 | _a195p | ||
| 942 |
_cBK _2ddc _h338.4791 _iBAT/T _k338.4791 _mBAT/T |
||
| 999 |
_c37260 _d37260 |
||